00455nam a2200157Ia 4500008004100000020001500041082001600056100002000072245003800092250000700130260004000137300003000177500001900207600002100226650005000247240925s9999 xx 000 0 und d a8176560758 a005.133 JAW aJawarski, James 0aMastering Java Script and Jscript aNA aNew Delhi:bBPB Publicationc,2000. axxxiii,892p.bNAfPirated aIncludes Index aComputer Science aComputer science, information & general works